• 首页
  • 本馆介绍
  • 公告通知
  • 最新文献
  • 馆藏检索
  • 电子资源
  • 读者导购
  • 参考咨询
  • 我的图书馆
  • 登录
  • 详细信息显示
  • 放入我的书架
  • 预约/预借图书
  • 作者相关作品
  • 分类相关作品
  • 丛书相关作品
  • 出版社相关作品

书目信息

  • 表格格式
  • 工作单格式
  • 卡片格式
题名:
电力系统分析题解
    
 
作者: 何仰赞 , 温增根
分册:  
出版信息: 武汉   华中科技大学出版社  2016.05
页数: 253页
开本: 26cm
丛书名:
单 册:
中图分类: TM711-44
科图分类:
主题词: 输电理论 , 输电--电力工程--分析 , 配电系统--电力工程--理论 , 配电系统--电力工程--分析 , 电力系统--理论 , 电力系统--分析
电子资源:
ISBN: 978-7-5680-1692-6
000 00763nam0 2200253 450
001 551
005 20160905103214.01
010    @a978-7-5680-1692-6@dCNY35.00
100    @a20160722d2016 km y0chiy0120 ea
101 0  @achi
200 1  @a电力系统分析题解@Adian li xi tong fen xi ti jie@f何仰赞,温增根@Fhe yang zan,wen zeng gen
210    @a武汉@c华中科技大学出版社@d2016.05
215    @a253页@d26cm
606 0  @a输电理论
606 0  @a输电@x电力工程@x分析
606 0  @a配电系统@x电力工程@x理论
606 0  @a配电系统@x电力工程@x分析
606 0  @a电力系统@x理论
606 0  @a电力系统@x分析
690    @aTM711-44@v4
701  0 @a何仰赞@Ahe yang zan
701  0 @a温增根@Awen zeng gen
801  0 @aCN@b唐山师范学院图书馆@c20160722
905    @aZUCC@dTM711-44@e35
    
    电力系统分析题解/何仰赞,温增根.-武汉:华中科技大学出版社,2016.05
    253页;26cm
    
    
    ISBN 978-7-5680-1692-6:CNY35.00
    
●
相关链接 在E读中查询图书 在五车中查询图书 在当当中查询图书 在豆瓣中查询图书


正题名:电力系统分析题解     索取号:TM711-44/35         预约/预借

序号 登录号 条形码 馆藏地/架位号 状态 备注
1 902333   209023331   第二样本阅览室/ [索取号:TM711-44/35] 在馆    
2 902334   209023340   第三借阅区/ [索取号:TM711-44/35] 在馆    
3 902335   209023359   第三借阅区/ [索取号:TM711-44/35] 在馆    
4 902336   209023368   第三借阅区/ [索取号:TM711-44/35] 在馆    
5 902337   209023377   第三借阅区/ [索取号:TM711-44/35] 在馆    
唐山师范学院图书馆 欢迎您!
大连网信软件有限公司© 版权所有